00361nam a2200145Ia 4500008004100000020001800041082000800059100002400067245004400091250000600135260002600141300001400167500002400181650001000205230524s9999 xx 000 0 und d a9788183510004 bKRI aKVSG Murali Krishna 0a"Chemical Analysis of Water and Soil, " a3 aNew DelhibReemc2008 a"X,112p;" aQuantity Number: 1 aCivil